00486nam a22001697a 450000500170000000800410001704000210005804100080007908200130008710000280010024500710012825000120019926000430021130000100025465000270026465000250029120240624102027.0240624b |||||||| |||| 00| 0 eng d aIN-DiNCcIN-DiNC dasm a780bPHU aPhukan, Lakhimaeauthor aSangeet prarombhika:bsangeet sikshar hatputhi/cby Lakhima Phukan a1st ed. aGuwahati:bKunjalata prakashan,c2016. a136p. aIndian classical music aFolk and modern song